000 00612nam a2200241Ia 4500
003 OSt
005 20221006144620.0
006 a|||||r|||| 00| 0
007 ta
008 221006b |||||||| |||| 00| 0 eng d
020 _c175.37
024 _a12,135
037 _cTextual
040 _aEASL
_cEASL
_beng
041 _2eng
_aeng
082 _aV41y7N14, L7
100 _aWITKE Roxane
245 0 _aComrade chiang ch'ing
260 _aLondon
_bWeidenfeld and Nicolson
_c1977
300 _a550p.
_ccm.
942 _hV41y7N14, L7
_cTEXL
_2CC
999 _c1080221
_d1080221